A new method of lining to increase number of plants per hectare (Record no. 51204)

MARC details
000 -LEADER
fixed length control field 00299nam a2200109Ia 4500
100 ## - MAIN ENTRY--AUTHOR NAME
Personal name Benny K K
245 #2 - TITLE STATEMENT
Title A new method of lining to increase number of plants per hectare
260 ## - PUBLICATION, DISTRIBUTION, ETC. (IMPRINT)
Name of publisher Rubber Board Bulletin
Year of publication 2015
300 ## - PHYSICAL DESCRIPTION
Number of Pages 21-22
942 ## - ADDED ENTRY ELEMENTS (KOHA)
Koha item type Bibliography STAF
Holdings
Withdrawn status Lost status Damaged status Not for loan Home library Current library Shelving location Date acquired Serial Enumeration / chronology Koha item type
      Bibliography RRII Library RRII Library Rubber general 09/04/2014 Volume 33, Issue 4 Bibliography STAF